000 01074nas a2200337 4500
001 BR2015005764
003 BR-BrBNA
005 20231205125814.0
007 ta
008 230509b bl.|||p| |||| 00| 00por d
040 _aBR-BrBNA
_bpor
_cBiblioteca Nacional de Agricultura
041 _a(En)
072 _aQ70
100 1 _aAndreani, C.L.
100 1 _aTorres, D.G.B.
100 1 _aSchultz, L.
100 1 _aCarvalho, K.Q. de
100 1 _aGomes, S.D.
245 1 _aHydrogen production from cassava processing wastewater in an anaerobic fixed bed reactor with bamboo as a support material
650 _aMANDIOCA
650 _aFECULA
650 _aRESIDUO ORGANICO
650 _aAGUAS RESIDUAIS
650 _aPROCESSAMENTO
650 _aEXTRACAO
650 _aFERMENTACAO ANAEROBICA
773 0 _tEngenharia Agrícola (Brazil)
_xISSN 1809-4430
_g(May-Jun 2015), v. 35(3) p. 578-587
_wBR2015005764
856 4 0 _uhttp://www.scielo.br/pdf/eagri/v35n3/1809-4430-eagri-35-3-0578.pdf
909 _a202311
_bLúcia
_c55
_dLúcia Elande
942 _2AGRIS
_n0
_cANA
999 _c246247
_d246247